The Anarchical society: (Record no. 9119)

MARC details
000 -LEADER
fixed length control field 00473nam a22001817a 4500
003 - CONTROL NUMBER IDENTIFIER
control field OSt
005 - DATE AND TIME OF LATEST TRANSACTION
control field 20240709145000.0
008 - FIXED-LENGTH DATA ELEMENTS--GENERAL INFORMATION
fixed length control field 240709b |||||||| |||| 00| 0 eng d
020 ## - INTERNATIONAL STANDARD BOOK NUMBER
International Standard Book Number 0231041330
040 ## - CATALOGING SOURCE
Transcribing agency must
082 ## - DEWEY DECIMAL CLASSIFICATION NUMBER
Classification number 34.2 BUL 1997
100 ## - MAIN ENTRY--PERSONAL NAME
Personal name Bull,Hedley
9 (RLIN) 18551
245 ## - TITLE STATEMENT
Title The Anarchical society:
Remainder of title A study of order in world politics/
Statement of responsibility, etc. Hedley Bull
300 ## - PHYSICAL DESCRIPTION
Extent xv,335p.:
Dimensions 21cm.
504 ## - BIBLIOGRAPHY, ETC. NOTE
Bibliography, etc Includes Index
650 ## - SUBJECT ADDED ENTRY--TOPICAL TERM
Source of heading or term Politics
942 ## - ADDED ENTRY ELEMENTS (KOHA)
Source of classification or shelving scheme Dewey Decimal Classification
Koha item type Open Shelf
Holdings
Withdrawn status Lost status Source of classification or shelving scheme Damaged status Not for loan Home library Current library Date acquired Source of acquisition Inventory number Total Checkouts Full call number Barcode Date last seen Price effective from Koha item type
    Dewey Decimal Classification     MUST Main Library MUST Main Library 09/07/2024 Purchase 2002/17196   34.2 BUL 1997 2024-21874 09/07/2024 09/07/2024 Open Shelf